<?xml version="1.0" encoding="UTF-8"?>
<record
    xmlns:xsi="http://www.w3.org/2001/XMLSchema-instance"
    xsi:schemaLocation="http://www.loc.gov/MARC21/slim http://www.loc.gov/standards/marcxml/schema/MARC21slim.xsd"
    xmlns="http://www.loc.gov/MARC21/slim">

  <leader>02386agaaa2200337   4500</leader>
  <controlfield tag="001">0583</controlfield>
  <controlfield tag="003">IT-RoPAU</controlfield>
  <controlfield tag="005">20220918181230.0</controlfield>
  <controlfield tag="007">d cvaizq</controlfield>
  <controlfield tag="008">50131s9999||||xx ||| |     ||   ||und||</controlfield>
  <datafield tag="040" ind1=" " ind2=" ">
    <subfield code="a">IT-RoPAU</subfield>
    <subfield code="c">IT-RoPAU</subfield>
  </datafield>
  <datafield tag="041" ind1=" " ind2=" ">
    <subfield code="a">ITALIANA </subfield>
  </datafield>
  <datafield tag="100" ind1=" " ind2=" ">
    <subfield code="a">Eastwood Clint</subfield>
    <subfield code="g">Codice regista SPICS: 45075</subfield>
    <subfield code="9">40395</subfield>
  </datafield>
  <datafield tag="130" ind1=" " ind2=" ">
    <subfield code="a">INVICTUS - L'INVINCIBILE </subfield>
    <subfield code="9">40396</subfield>
  </datafield>
  <datafield tag="240" ind1=" " ind2=" ">
    <subfield code="a">INVICTUS </subfield>
    <subfield code="g">T3891</subfield>
  </datafield>
  <datafield tag="245" ind1=" " ind2=" ">
    <subfield code="a">INVICTUS - L'INVINCIBILE </subfield>
    <subfield code="c">Prodotto da: Eastwood C. Lorenz R -- Sceneggiatura: Peckham Anthony -- Diretto da: Eastwood Clint</subfield>
    <subfield code="p">INVICTUS - L'INVINCIBILE (Rif. Codice opera principale : K0583)</subfield>
  </datafield>
  <datafield tag="246" ind1=" " ind2=" ">
    <subfield code="a">INVICTUS </subfield>
  </datafield>
  <datafield tag="250" ind1=" " ind2=" ">
    <subfield code="a">Edizione Standard</subfield>
  </datafield>
  <datafield tag="260" ind1=" " ind2=" ">
    <subfield code="a">(USA)</subfield>
    <subfield code="b">N.d. / Distribuzione: MAGAZZINO DISP </subfield>
    <subfield code="g">"2009 (1&#xB0; ed.: 2010 ; Ed. Lingua Orig.: 2009)"</subfield>
  </datafield>
  <datafield tag="300" ind1=" " ind2=" ">
    <subfield code="a">DVD</subfield>
    <subfield code="b">sonoro, col.</subfield>
    <subfield code="c">128 minuti</subfield>
  </datafield>
  <datafield tag="508" ind1=" " ind2=" ">
    <subfield code="a">"Fotografia: Stern Tom ; Montaggio: Cox Joel Roach Gary ; Musica: Eastwood Kyle; Sceneggiatura: Peckham Anthony ; Scenografia: Murakami James J. ; "</subfield>
  </datafield>
  <datafield tag="511" ind1=" " ind2=" ">
    <subfield code="a">"Freeman Morgan; Damon Matt; Kgoroge Tony; Mofokeng Patrick; Stern Matt; Andoh Adjoa; "</subfield>
  </datafield>
  <datafield tag="520" ind1=" " ind2=" ">
    <subfield code="a">"PER LA LOTTA EROICA CONTRO L'APARTHEID E' STATO IN PRIGIONE PER 27 ANNI. COSA FA QUINDI NELSON MANDELA DOPO ESSERE STATO ELETTO PRESIDENTE DEL SUDAFRICA CON LIBERE ELEZIONI? RIFIUTA LA VENDETTA, PERDONA I SUOI PERSECUTORI E COLTIVA LA SPERANZA DI RITROVARE L'UNITA' NAZIONALE IN UN LUOGO DAVVERO INUSUALE: UN CAMPO DI RUGBY. INFATTI IL SUDAFRICA SI VEDE ASSEGNATO IL CAMPIONATO MONDIALE DI RUGBY DEL 1995. E SULLA SCENA INTERNAZIONALE RITORNANO GLI SPRINGBOKS, LA NAZIONALE SUDAFRICANA CHE ERA STATA BANDITA DAI CAMPI DI TUTTO IL MONDO A CAUSA DELL'APARTHEID. E MANDELA CHIEDE AL CAPITANO DELLA NAZIONALE DI RUGBY E ALLA SUA SQUADRA DATA PER PERDENTE DI REALIZZARE L'IMPOSSIBILE VINCENDO LA COPPA DEL MONDO. UNA SQUADRA, UNA NAZIONE. RIUSCIRANNO A VINCERE. CONTENUTI EXTRA: MATT DAMON GIOCA A RUGBY, COME TRASFORMARE UNA STAR DI HOLLYWOOD IN UN GIOCATORE DI RUGBY; TRAILER. "</subfield>
  </datafield>
  <datafield tag="538" ind1=" " ind2=" ">
    <subfield code="a">PAL, STEREO</subfield>
  </datafield>
  <datafield tag="546" ind1=" " ind2=" ">
    <subfield code="a">ITALIANA </subfield>
  </datafield>
  <datafield tag="650" ind1=" " ind2=" ">
    <subfield code="a">DRAMMA - BIOGRAF.</subfield>
    <subfield code="e">DVD-FILM [DVD]</subfield>
    <subfield code="x">Codice MATERIA SPICS: 9947</subfield>
    <subfield code="9">40397</subfield>
  </datafield>
  <datafield tag="700" ind1=" " ind2=" ">
    <subfield code="a">Carlin John </subfield>
    <subfield code="e">(soggetto)</subfield>
    <subfield code="g">Codice Soggetto SPICS: 60233</subfield>
    <subfield code="9">40398</subfield>
  </datafield>
  <datafield tag="700" ind1=" " ind2=" ">
    <subfield code="a">Eastwood Clint </subfield>
    <subfield code="e">(regista)</subfield>
    <subfield code="g">Codice regista SPICS: 45075</subfield>
    <subfield code="9">40399</subfield>
  </datafield>
  <datafield tag="700" ind1=" " ind2=" ">
    <subfield code="a">Eastwood Kyle</subfield>
    <subfield code="e">(musica)</subfield>
    <subfield code="g">Codice Musica SPICS: 59798</subfield>
    <subfield code="9">40400</subfield>
  </datafield>
  <datafield tag="942" ind1=" " ind2=" ">
    <subfield code="c">DV</subfield>
    <subfield code="2">ddc</subfield>
  </datafield>
  <datafield tag="999" ind1=" " ind2=" ">
    <subfield code="c">105259</subfield>
    <subfield code="d">105259</subfield>
  </datafield>
  <datafield tag="952" ind1=" " ind2=" ">
    <subfield code="0">0</subfield>
    <subfield code="1">0</subfield>
    <subfield code="4">0</subfield>
    <subfield code="6">K_0583_000000000000000</subfield>
    <subfield code="7">1</subfield>
    <subfield code="a">SPICS</subfield>
    <subfield code="b">SPICS</subfield>
    <subfield code="d">2015-01-31</subfield>
    <subfield code="l">0</subfield>
    <subfield code="o">K0583</subfield>
    <subfield code="r">2015-01-31 00:00:00</subfield>
    <subfield code="w">2015-01-31</subfield>
    <subfield code="y">DV</subfield>
    <subfield code="z">Progr. Ins.: 3953 / N.Vol.:1 / Copie: 1 / Pag.:0 / Copia rara: n.d. / date import: 1.2.2015 / By Epidotti, Trombetti, Vaglietti</subfield>
  </datafield>
</record>
